000 00667nam a22002417a 4500
003 UA-OsUOA
001 125634
007 ta
008 20170921b un ||||| |||| 00| 0 ukr d
100 _aБоккаччо Д.
090 _a821.161.2
_bБ78
942 _cBK
040 _aUA-OsUOA
_bukr
_cUA-OsUOA
_dUA-OsUOA
245 _aДекамерон
_bновели
_cпередм.Г.Кочура
300 _a622 с.
955 _a3
041 _aukr
080 _a821.161.2
020 _a966-511-023-3
260 _aДніпропетровськ
_bСіч
_c2000
650 7 _a82 Література. Літературознавство
_2UDC
999 _c412863
_d412863